Grammaire du petit francais
Uloženo v:
| Hlavní autor: | |
|---|---|
| Médium: | Kniha |
| Jazyk: | francouzština španělština |
| Vydáno: |
Santiago
Minerva
1928
|
| Témata: | |
| Tagy: |
Přidat tag
Žádné tagy, Buďte první, kdo vytvoří štítek k tomuto záznamu!
|
MARC
| LEADER | 00000nam a2200000 a 4500 | ||
|---|---|---|---|
| 001 | UCZ8690 | ||
| 003 | CL-VaPUC | ||
| 008 | 960125e19280000CL |||||||||||||||||fre|d | ||
| 041 | 0 | 7 | |a fre |2 CL-VaPUC |
| 041 | 0 | 7 | |a spa |2 CL-VaPUC |
| 082 | 0 | 4 | |a 445 |b SAA |2 21 |
| 100 | 0 | |a Saavedra Molina, Julio |e author |9 354069 | |
| 245 | 1 | 0 | |a Grammaire du petit francais |
| 300 | |a v | ||
| 942 | |c BK | ||
| 945 | |d 19960125 00:00:00 |a cmena | ||
| 260 | |a Santiago |b Minerva |c 1928 | ||
| 500 | |a v.2 p.2: Gramática francesa para 3§ año | ||
| 650 | 0 | |a Gramática |9 270497 | |
| 650 | 7 | |a FRANCES |2 CL-VaPUC |9 259059 | |
| 650 | 7 | |a LENGUAS ROMANCES |2 CL-VaPUC |9 346632 | |
| 650 | 0 | |a Educación lingüística |9 306506 | |
| 650 | 0 | |a Sintaxis |9 318843 | |
| 650 | 0 | |a Morfología Lingüística |9 340777 | |
| 583 | |a last modification |c 19960125 00:00:00 |k Rodrigo Vera | ||
| 999 | |c 244540 |d 244538 | ||
| 952 | |0 0 |1 0 |4 0 |6 445_000000000000000_SAA_1928 |7 0 |8 P |9 258628 |a BIBEDU |b BIBEDU |c BIBEDU_PB |d 2019-11-19 |h v.2 p.2 |i 1620150 |o 445 SAA 1928 |p 1620150 |r 2024-01-25 |w 2019-11-19 |y BK |k EDU | ||